000 00314nam a2200133Ia 4500
005 20260328104319.0
008 260328s9999||||xx |||||||||||||| ||und||
100 _aScolari, Massimo
245 0 _aGustav Piechl /
_cMassimo Scolari
260 _bGustavo Gili
300 _a96 p.
650 _aESCUELAS
942 _cBK
999 _c11282
_d11282